00785 a2200145 4500003000500000005001700005040000900022082001200031100002900043245005700072260003900129300001800168505044300186600001000629NUST20221207153944.0 cNust a297,ENA aEnan, Muhammad Abdullah  aDecisive moments in the history of Islam /cM.A.Enan aLahorebArmy education pressc1984 aviii: 388 p.: aThe Arab Outburst (Page-3), Religious Policy Of The Arabs (Page-15), Arab Siege Of Constantinople (Page-31), The Pavement Of The Martyrs (Page-46), The Muslim Invasion Of Rome (Page-95), The Battle Of Manzikert (Page-101), The Idea Of The Crusades (Page-113), The Battle Of Hattin (Page-134), The Battle Of Ainjalut (Page-161), Diplomacy In Islam (Page-227), Decisive Movements (Page-267), Marco Polo (Page-343), Inb Battutha (Page-356).  aIslam